[Event "CZE-chT2A 2223"]
[Site "Czech Republic"]
[Date "2023.01.22"]
[Round "7.5"]
[White "Sott, Pavel"]
[Black "Kolousek, Pavel"]
[Result "1-0"]
[WhiteElo "2170"]
[BlackElo "1849"]
[PlyCount "103"]
[EventDate "2022.10.16"]
[EventType "team-tourn"]
[EventRounds "11"]
[EventCountry "CZE"]
[SourceTitle "EXT 2024"]
[Source "ChessBase"]
[SourceDate "2023.10.10"]
[SourceVersion "1"]
[SourceVersionDate "2023.10.10"]
[SourceQuality "1"]
[WhiteTeam "Line II"]
[BlackTeam "Budejovice II"]
[WhiteTeamCountry "CZE"]
[BlackTeamCountry "CZE"]

1. e4 c5 2. Nc3 Nc6 3. Nge2 e5 4. Nd5 Nf6 5. Nec3 Nxd5 6. Nxd5 d6 7. Bc4 Be7 8. 0-0 0-0 9. d3 Na5 10. Nxe7+ Qxe7 11. Bd5 Be6 12. Bd2 Nc6 13. Bxc6 bxc6 14. f4 f6 15. f5 Bf7 16. Qg4 Kh8 17. Rf3 Rg8 18. Qh4 g5 19. fxg6 Rxg6 20. Raf1 Kg7 21. Rh3 h5 22. Kh1 Rg4 23. Qf2 Rh8 24. Rf3 Rg6 25. b3 Be6 26. Qh4 d5 27. Be3 d4 28. Bc1 a6 29. Ba3 Rhh6 30. Qe1 h4 31. Qa5 Bg4 32. R3f2 Bc8 33. Bxc5 Qd7 34. Qb4 Kf7 35. Qd2 Qe6 36. Ba3 Kg7 37. Qb4 Rh8 38. Qd2 Rhh6 39. Bc1 Rh8 40. Qa5 Qe7 41. c3 dxc3 42. Qxc3 Qe6 43. d4 h3 44. g3 exd4 45. Qxd4 Re8 46. Rf4 c5 47. Qxc5 Bb7 48. Bb2 Bxe4+ 49. Kg1 Rc8 50. Rxf6 Rxf6 51. Rxf6 Qd5 52. Qe7+ 1-0

[Event "CZE-chT2A 0809"]
[Site "Czech Republic"]
[Date "2009.04.05"]
[Round "11.6"]
[White "Hruby, Milan"]
[Black "Kolousek, Pavel"]
[Result "1-0"]
[WhiteElo "2115"]
[BlackElo "1897"]
[PlyCount "85"]
[EventDate "2008.10.12"]
[EventType "team-tourn"]
[EventRounds "11"]
[EventCountry "CZE"]
[SourceTitle "EXT 2010"]
[Source "ChessBase"]
[SourceDate "2010.11.25"]
[SourceVersion "1"]
[SourceVersionDate "2010.11.25"]
[SourceQuality "1"]
[WhiteTeam "Tabor Sokol"]
[BlackTeam "Ceske Budejovice II"]
[WhiteTeamCountry "CZE"]
[BlackTeamCountry "CZE"]

1. e4 c5 2. b3 e5 3. Bb2 Nc6 4. f4 d6 5. Nf3 Bg4 6. Bb5 Qc7 7. 0-0 Nf6 8. fxe5 dxe5 9. Bxe5 Qb6 10. Nc3 0-0-0 11. Bxc6 Qxc6 12. d3 Bd6 13. Bxd6 Bxf3 14. Qxf3 Qxd6 15. Qf5+ Rd7 16. Kh1 Qc6 17. a4 Kb8 18. Qg5 Ne8 19. Rf5 f6 20. Qg3+ Ka8 21. a5 Nc7 22. Na4 Na6 23. Raf1 Re8 24. Qh3 h6 25. Nxc5 Nxc5 26. Rxc5 Qxc5 27. Qxd7 Rc8 28. c4 Qf8 29. a6 bxa6 30. Ra1 Qd8 31. Qd5+ Qxd5 32. exd5 Re8 33. h3 Kb7 34. Kh2 Re3 35. Rd1 Re2 36. Kg3 Rb2 37. Kf4 Rxb3 38. Kf5 Rb2 39. Ke6 Re2+ 40. Kd7 Rb2 41. c5 Rb5 42. c6+ Kb6 43. d6 1-0